banner koha

Avaliação da qualidade de sushis e sashimis comercializados em shopping centers (Registro n. 188481)

MARC details
000 -LÍDER
campo de controle de tamanho fixo 00953nas a2200337 4500
001 - NÚMERO DE CONTROLE
campo de controle BR0701538
003 - IDENTIFICADOR DO NÚMERO DE CONTROLE
campo de controle BR-BrBNA
005 - DATA E HORÁRIO DA ÚLTIMA TRANSAÇÃO
campo de controle 20231205110655.0
007 - CAMPO FIXO DE DESCRIÇÃO FÍSICA--INFORMAÇÃO GERAL
campo de controle de tamanho fixo ta
008 - CAMPO DE DADOS FIXOS--INFORMAÇÃO GERAL
campo de controle de tamanho fixo 230509b bl.|||p| |||| 00| 00por d
040 ## - FONTE DA CATALOGAÇÃO
Instituição da catalogação original BR-BrBNA
Idioma da catalogação por
Instituição que transcreveu o registro Biblioteca Nacional de Agricultura
041 ## - CÓDIGO DE IDIOMA
Código do idioma do texto/trilha sonora ou título diferente (Pt)
072 ## - CÓDIGO DE CATEGORIA DE ASSUNTO
Código de Categoria de Assunto Q04; Q03
100 1# - ENTRADA PRINCIPAL--NOME PESSOAL
Nome pessoal Mársico, E.T.
100 1# - ENTRADA PRINCIPAL--NOME PESSOAL
Nome pessoal Oliveira, C.M. de
100 1# - ENTRADA PRINCIPAL--NOME PESSOAL
Nome pessoal Ferreira, P.V.
100 1# - ENTRADA PRINCIPAL--NOME PESSOAL
Nome pessoal Antunes, L.
100 1# - ENTRADA PRINCIPAL--NOME PESSOAL
Nome pessoal Sobreiro, L.G.
245 1# - TÍTULO
Título Avaliação da qualidade de sushis e sashimis comercializados em shopping centers
650 ## - ASSUNTO--TERMO TÓPICO
Cabeçalho tópico ou nome geográfico PEIXE
650 ## - ASSUNTO--TERMO TÓPICO
Cabeçalho tópico ou nome geográfico ALIMENTO PREPARADO
650 ## - ASSUNTO--TERMO TÓPICO
Cabeçalho tópico ou nome geográfico HISTAMINA
650 ## - ASSUNTO--TERMO TÓPICO
Cabeçalho tópico ou nome geográfico TEMPERATURA
650 ## - ASSUNTO--TERMO TÓPICO
Cabeçalho tópico ou nome geográfico TOXIDEZ
650 ## - ASSUNTO--TERMO TÓPICO
Cabeçalho tópico ou nome geográfico PH
650 ## - ASSUNTO--TERMO TÓPICO
Cabeçalho tópico ou nome geográfico CROMATOGRAFIA
650 ## - ASSUNTO--TERMO TÓPICO
Cabeçalho tópico ou nome geográfico RIO DE JANEIRO
773 0# - ENTRADA ANALÍTICA
Título Higiene Alimentar (Brazil)
ISSN - International Standard Serial Number ISSN 0101-9171
Partes relacionadas (Dec 2006), v. 20(147) p. 63-65
Número de controle do registro BR0701538
909 ## -
-- 202311
-- Lúcia
-- 55
-- Lúcia Elande
942 ## - ELEMENTOS DE ENTRADA ADICIONADOS (KOHA)
Fonte da classificação ou esquema de arquivamento na estante Classificação AGRIS
Ocultar no OPAC Não
Tipo de material Koha Analítica
Exemplares
Situação do descarte Fonte da classificação ou esquema de arquivamento na estante Situação física Não pode ser emprestado Biblioteca de origem Biblioteca atual Localização na estante Enumeração do periódico / cronologia Total de empréstimos Data de último acesso Número do exemplar Tipo de material Koha Fonte de aquisição
  Classificação AGRIS   Consulta local Biblioteca Nacional de Agricultura - Binagri Biblioteca Nacional de Agricultura - Binagri   (Dec 2006), v. 20(147) p. 63-65   29/11/2023 01 Periódicos Portaria Interministerial nº 164/94

BINAGRI

Telefone: (61)3218-2567/2388/3357/2097 - binagri@agro.gov.br

Ministério da Agricultura e Pecuária , Esplanada dos Ministérios, Bloco D, Anexo B, Brasília/DF, CEP: 70.043-900